Score 0/13 Timer 05:00
0 Plays Today
Hint Colonie % Correct
1st ColonieVirginia
98%
3rd ColonieMassachusetts
96.1%
4th ColonieMaryland
96.1%
6th ColonieConnecticut
92.2%
8th ColonieDelaware
92.2%
9th ColonieNorth Carolina
92.2%
11th ColonieNew Jersey
92.2%
2nd ColonieNew York
90.2%
10th ColonieSouth Carolina
90.2%
13th ColonieGeorgia
90.2%
5th ColonieRhode Island
88.2%
12th ColoniePennsylvania
86.3%
7th ColonieNew Hampshire
80.4%
Remove Ads.
Support Sporcle.
Get the best of Sporcle when you Go Orange. This ad-free experience offers more features, more stats, and more fun while also helping to support Sporcle. Thank you for becoming a member.

You're not logged in!

Compare scores with friends on all Sporcle quizzes.
OR
Log In

Sporcle TV

Today on Sporcle TV


Watch our educational content, quiz creation guides, and fun videos on Sporcle TV.

Show Comments

Extras

Created Sep 26, 2017SourceReportNominate
Tags:Colony, date, Founded, original

Top Quizzes Today


Score Distribution

Paid Content

Your Account Isn't Verified!

In order to create a playlist on Sporcle, you need to verify the email address you used during registration. Go to your Sporcle Settings to finish the process.

Report this User

Report this user for behavior that violates our Community Guidelines.

Details: